| 000 | 01005cam a2200241 a 4500 | ||
|---|---|---|---|
| 001 | 000005794 | ||
| 005 | 20200929151804.0 | ||
| 008 | 810903s1966 uy 000 0 spa | ||
| 040 |
_aDO-SdBNP _bspa _cBNPHU |
||
| 082 |
_a320.53 _bH565c |
||
| 100 | 1 |
_aHerrera y Obes, Manuel, _d1806-1890. _916388 |
|
| 245 | 1 | 3 |
_aEl caudillismo y la revolución americana : _bpolémica / _cManuel Herrera y Obes, Bernardo Prudencio Berro ; prólogo Juan E. Pivel Devoto. |
| 260 |
_aMontevideo, Uruguay : _bMinisterio de Instrucción y Previnción Social, _c1966. |
||
| 300 |
_axiviii, 155 p. ; _c20 cm. |
||
| 490 | 1 |
_aBiblioteca Artigas. _aClásicos uruguayos |
|
| 490 | 1 | _v110. | |
| 651 | 4 |
_aUruguay _xPolítica Y Gobierno _916389 |
|
| 651 | 4 |
_aUruguay _xHistoria _y1830-1875. _916390 |
|
| 600 | 1 | 0 |
_aRivera, Fructuoso, _dca. 1784-1854. _916391 |
| 700 | 1 |
_aBerro, Bernardo Prudiencio, _d1803-1868. _916392 |
|
| 700 | 1 |
_aPivel Devota, Juan E., _epról. _916393 |
|
| 830 | 0 |
_aBiblioteca Artigas. _pClásicos uruguayos ; _n110. _916394 |
|
| 999 |
_c5590 _d5590 |
||